Eurodance-Acts 3 - Statistiken

Allgemein
  • Dieses Quiz wurde 10 mal gespielt
  • Das Durchschnittsergebnis liegt bei 6 aus 20
Antwortstatistiken
Songs Interpreten % Korrekt
Everytime We Touch | Evacuate The Dancefloor Cascada
90%
Cotton Eye Joe | The Spirit of the Hawk Rednex
90%
Dragostea din tei | Despre tine O-Zone
80%
Scatman's World | Scatman (Ski-Ba-Bop-Ba-Dop-Bop) Scatman John
80%
Around the World (La La La La La) | My Heart Beats Like a Drum (Dam Dam Dam) ATC
70%
Ecuador | Encore une fois Sash!
70%
Right in the Night (Fall in Love with Music) | Kaleidoscope Skies Jam & Spoon
40%
Sweet Kisses | Blue Jeans Sqeezer
20%
A Neverending Dream | Magic Fields X-Perience
20%
Ride on Time | Everybody Everybody Black Box
10%
Walk on Water | In My Eyes Milk Inc.
10%
Dear Jessie | Love U More Rollergirl
10%
Success | Hand in Hand 3-o-Matic
0%
Let the Rhythm Take Control | Save Me Activate
0%
This Is Your Night | Sexual (Li Da Di) Amber
0%
Superhero | Together Forever (The Cyber Pet Song) Daze
0%
Atlantis | Amor Infinitus Imperio
0%
Open Sesame | Electric Leila K
0%
Dub-I-Dub | Baby Boy Me & My
0%
I Need Rhythm | Set the Groove on Fire Splash
0%
Keine übereinstimmenden Quizze gefunden
Verteilung der Resultate
Anzahl Personen mit jedem Resultat
Perzentil nach korrekt beantworteten Fragen
Ihre Resultats-Entwicklung
Sie haben dieses Quiz noch nicht gespielt